| 000 | 01168cam a2200361 a 4500 | ||
|---|---|---|---|
| 001 | 533240 | ||
| 003 | OSt | ||
| 005 | 20140310181913.0 | ||
| 008 | 870720s1987 enk b 001 0 eng | ||
| 010 | _a 87020128 | ||
| 020 |
_a1850002932 : _c$31.00 (U.S.) |
||
| 020 |
_a1850002940 (soft) : _c$17.00 (U.S.) |
||
| 040 |
_aDLC _cDLC _dDLC |
||
| 050 | 0 | 0 |
_aLB 1715 _b.Sm667 1987 |
| 082 | 0 | 0 |
_aTR 370.7 _bEd8 1987 |
| 245 | 0 | 0 |
_aEducating teachers _bchanging the nature of pedagogical knowledge / _cJohn Smyth. |
| 260 |
_aLondon ; _aNew York : _bFalmer Press, _c1987. |
||
| 300 |
_a232 p. _c25 cm. |
||
| 440 | 0 |
_aContemporary analysis in education series ; _v19 |
|
| 500 | _aIncludes index. | ||
| 504 | _aIncludes bibliographies and index. | ||
| 520 | _a1. Education--study and teaching 2. Teachers--Training of | ||
| 521 | _aFourth year high school and above | ||
| 526 | _c1110L to 1700L | ||
| 541 | _j1 | ||
| 541 | _j2 | ||
| 562 | _e2 | ||
| 650 | 0 |
_aEducation _xStudy and teaching. |
|
| 650 | 0 |
_aTeachers _xTraining of. |
|
| 700 | 1 |
_aSmyth, John, _d1944- |
|
| 906 |
_a7 _bcbc _corignew _d1 _eocip _f19 _gy-gencatlg |
||
| 942 |
_2lcc _cBK-TR _kTR |
||
| 999 |
_c6606 _d6606 |
||